000 00284nam a22001337a 4500
008 170825b xxu||||| |||| 00| 0 eng d
020 _a9781840461145
041 _aeng
080 _a070
100 _a40
101 _aMED
245 _aMEDIA STUDIES
_cSARDAR.Z
942 _2udc
_cBK
999 _c25011
_d25011